000 00450nam a2200181Ia 4500
008 090123s9999 xx 000 0 und d
082 _b42069
100 _aशिरोडकर रजनी
245 _aनकळत
250 _a1
260 _c2007
300 _a239
600 _aशिरोडकर रजनी
630 _aनकळत
700 _aशिरोडकर रजनी
730 _aनकळत
942 _cBOOK
999 _c80147
_d80147